AGNÈS CALLU, Gaëtan Picon (1915-1976). Esthétique et Culture. Préface de JEAN-FRANÇOIS SIRINELLI, Postface d’YVES BONNEFOY. Paris, Honoré Champion, coll. « Poétiques et Esthétiques XXe-XXIe siècles », 2011. Un vol. de 714 p. (notice n° 1655129)
[ vue normale ]
| 000 -LEADER | |
|---|---|
| fixed length control field | 00715cam a2200145 4500500 |
| 005 - DATE AND TIME OF LATEST TRANSACTION | |
| control field | 20260208010107.0 |
| 041 ## - LANGUAGE CODE | |
| Language code of text/sound track or separate title | fre |
| 042 ## - AUTHENTICATION CODE | |
| Authentication code | dc |
| 100 10 - MAIN ENTRY--PERSONAL NAME | |
| Personal name | Larrat, Jean-Claude |
| Relator term | author |
| 245 00 - TITLE STATEMENT | |
| Title | AGNÈS CALLU, Gaëtan Picon (1915-1976). Esthétique et Culture. Préface de JEAN-FRANÇOIS SIRINELLI, Postface d’YVES BONNEFOY. Paris, Honoré Champion, coll. « Poétiques et Esthétiques XXe-XXIe siècles », 2011. Un vol. de 714 p. |
| 260 ## - PUBLICATION, DISTRIBUTION, ETC. | |
| Date of publication, distribution, etc. | 2013.<br/> |
| 500 ## - GENERAL NOTE | |
| General note | 69 |
| 786 0# - DATA SOURCE ENTRY | |
| Note | Revue d'histoire littéraire de la France | 112 | 4 | 2013-02-04 | p. 963zc-1020zc | 0035-2411 |
| 856 41 - ELECTRONIC LOCATION AND ACCESS | |
| Uniform Resource Identifier | <a href="https://shs.cairn.info/revue-d-histoire-litteraire-de-la-france-2012-4-page-963zc?lang=fr&redirect-ssocas=7080">https://shs.cairn.info/revue-d-histoire-litteraire-de-la-france-2012-4-page-963zc?lang=fr&redirect-ssocas=7080</a> |
Pas d'exemplaire disponible.




Réseaux sociaux